LeBron James True or False - Statistics

General Stats
  • This quiz has been taken 49 times
  • The average score is 9 of 12
Answer Stats
Question Answer % Correct
Broke the scoring record True
100%
Has a Son in the NBA True
100%
won a championship on 3 different teams True
98%
Scored 70 points in a game False
93%
Won the most MVP's in history False
91%
was OUR sunshine in 2025 True
89%
Has the most assists ever False
86%
won NCAA tournament MVP False
77%
Hit an 81 foot game winner False
68%
Had a song after him in an Album of the year True
52%
Showed his private to live TV on accident True
48%
was an actor in a movie that made $1bn in box office False
25%
No matching quizzes found
Score Distribution
Percent of People with Each Score
Percentile by Number Answered
Your Score History
You have not taken this quiz